[Event "IECC Y2KO email"]
[Site "IECC email"]
[Date "1999.10.14"]
[Round "?"]
[White "Le Duc, Matthew"]
[Black "Tatovsky, Silvan"]
[Result "1/2-1/2"]
[WhiteElo "1000"]
[BlackElo "1737"]
[PlyCount "66"]
[EventDate "1999.??.??"]
[EventType "tourn (corr)"]
[EventRounds "2"]
[SourceTitle "Corr 2008"]
[Source "ChessBase"]
[SourceDate "2008.06.24"]
[SourceVersion "1"]
[SourceVersionDate "2008.06.24"]
[SourceQuality "1"]

1. c4 c5 2. Nf3 Nf6 3. Nc3 d5 4. cxd5 Nxd5 5. d4 e6 6. e4 Nxc3 7. bxc3 cxd4 8. cxd4 Nc6 9. Bc4 b5 10. Be2 Bb4+ 11. Bd2 Bxd2+ 12. Qxd2 a6 13. Rc1 Bb7 14. 0-0 0-0 15. d5 exd5 16. exd5 Ne7 17. a4 bxa4 18. d6 Nc6 19. d7 Qf6 20. Rc5 Rad8 21. Rb1 Ba8 22. Rd1 Nb8 23. Ne5 Qe7 24. Qd6 Qxd6 25. Rxd6 g6 26. Ng4 Kg7 27. Nf6 Nxd7 28. Nxd7 Rfe8 29. Bxa6 Re7 30. Bb5 Re1+ 31. Bf1 a3 32. Ra5 Bc6 33. Rxa3 Rxd7 1/2-1/2

[Event "IECC Y2KO email"]
[Site "IECC email"]
[Date "1999.10.14"]
[Round "?"]
[White "Tatovsky, Silvan"]
[Black "Le Duc, Matthew"]
[Result "1-0"]
[WhiteElo "1729"]
[BlackElo "1015"]
[PlyCount "99"]
[EventDate "1999.??.??"]
[EventType "tourn (corr)"]
[EventRounds "2"]
[SourceTitle "Corr 2008"]
[Source "ChessBase"]
[SourceDate "2008.06.24"]
[SourceVersion "1"]
[SourceVersionDate "2008.06.24"]
[SourceQuality "1"]

1. d4 Nf6 2. c4 e5 3. dxe5 Ng4 4. Nf3 Nc6 5. Bf4 Bb4+ 6. Nbd2 Qe7 7. e3 Ngxe5 8. Nxe5 Nxe5 9. Be2 0-0 10. 0-0 Bxd2 11. Qxd2 d6 12. b4 Be6 13. c5 Rfd8 14. cxd6 cxd6 15. Rac1 Rac8 16. Rfd1 Nc4 17. Qd4 d5 18. Qxa7 Nb2 19. Rxc8 Rxc8 20. Rd4 Nc4 21. a3 Qd7 22. a4 Qe7 23. b5 f6 24. Rd1 Nb2 25. Ra1 Rc2 26. Bf1 Kf8 27. a5 g5 28. Bg3 h5 29. a6 bxa6 30. Qxe7+ Kxe7 31. bxa6 Rc8 32. a7 Ra8 33. h4 Nc4 34. Be2 g4 35. Bb8 Bf5 36. Rc1 Be6 37. e4 Ne5 38. Rc7+ Kd8 39. exd5 Bxd5 40. Bb5 Be4 41. Rg7 Kc8 42. Ba6+ Kd8 43. Bc7+ Ke8 44. Bxe5 fxe5 45. Bd3 Bd5 46. Bg6+ Kf8 47. Rc7 Rd8 48. Bxh5 g3 49. fxg3 Ba8 50. Be2 1-0